Trách nhiệm hình sự và hình phạt

में बचाया:
ग्रंथसूची विवरण
मुख्य लेखक: Nguyễn, Ngọc Hòa
स्वरूप: पुस्तक
भाषा:Undetermined
प्रकाशित: Hà Nội Công an nhân dân 2001
विषय:
टैग : टैग जोड़ें
कोई टैग नहीं, इस रिकॉर्ड को टैग करने वाले पहले व्यक्ति बनें!
Thư viện lưu trữ: Trung tâm Học liệu Trường Đại học Cần Thơ
LEADER 00565nam a2200193Ia 4500
001 CTU_64442
008 210402s9999 xx 000 0 und d
020 |b 20000 
082 |a 345.595077 
082 |b H401 
100 |a Nguyễn, Ngọc Hòa 
245 0 |a Trách nhiệm hình sự và hình phạt 
245 0 |c Nguyễn Ngọc Hòa 
260 |a Hà Nội 
260 |b Công an nhân dân 
260 |c 2001 
650 |a Criminal procedure 
904 |i Minh (Nguyênsửa) 
980 |a Trung tâm Học liệu Trường Đại học Cần Thơ